Pasantía en Complejo Educativo Cantón Managuara, Sesori, San Miguel Norte (Registro nro. 36230)

Detalles MARC
000 -CABECERA
Longitud fija campo de control 00959nam a22002057a 4500
003 - IDENTIFICADOR DELl NÚMERO DE CONTROL
Identificador del número de control OSt
005 - FECHA Y HORA DE LA ÚLTIMA TRANSACCIÓN
Fecha y hora de la última transacción 20251217211248.0
008 - CÓDIGOS DE INFORMACIÓN DE LONGITUD FIJA
Códigos de información de longitud fija 140214b2025 slv spa
040 ## - FUENTE DE LA CATALOGACIÓN
Centro transcriptor BMC
082 ## - NÚMERO DE LA CLASIFICACIÓN DECIMAL DEWEY
Númeroo de clasificación 370.7284
100 1# - PUNTO DE ACCESO PRINCIPAL-NOMBRE DE PERSONA
9 (RLIN) 49846
Nombre de persona Ramos de Rivera, Norma Elizabeth
245 10 - MENCIÓN DE TÍTULO
Título Pasantía en Complejo Educativo Cantón Managuara, Sesori, San Miguel Norte
Resto del título : informe final
Mención de responsabilidad, etc. Norma Elizabeth Ramos de Rivera
260 ## - PUBLICACIÓN, DISTRIBUCIÓN, ETC. (PIE DE IMPRENTA)
Lugar de publicación, distribución, etc. Santa Ana (El Salvador)
Nombre del editor, distribuidor, etc. Universidad Católica de El Salvador
Fecha de publicación, distribución, etc. 2025
300 ## - DESCRIPCIÓN FÍSICA
Extensión 1 folleto (16 h.)
Otras características físicas il. col
Dimensiones 27 cm
Material anejo + 1 disco compacto
500 ## - NOTA GENERAL
Nota general Precede al tít.: Universidad Católica de El Salvador, Facultad de Ciencias y Humanidades
502 ## - NOTA DE TESIS
Nota de tesis Para optar al grado académico de Licenciatura en Ciencias de la Educación con especialidad en Educación Básica<br/>
650 24 - PUNTO DE ACCESO ADICIONAL DE MATERIA - T&Eacute;RMINO DE MATERIA
9 (RLIN) 19100
Término de materia o nombre geográfico como elemento inicial Educación
Subdivisión geográfica El Salvador
710 2# - PUNTO DE ACCESO ADICIONAL - NOMBRE DE ENTIDAD
9 (RLIN) 1075
Nombre de entidad o nombre de jurisdicci&oacute;n como elemento inicial Universidad Católica de El Salvador
Unidad subordinada Facultad de Ciencias y Humanidades
942 ## - ENTRADA DE ELEMENTOS AGREGADOS (KOHA)
Fuente de clasificai&oacute;n o esquema Dewey Decimal Classification
Koha [por defecto] tipo de item 4- Trabajo de Graduación
Existencias
Suprimido Perdido Fuente de clasificaci&oacute;n o esquema Estropeado Restricciones de uso No para pr&eacute;stamo C&oacute;digo de colecci&oacute;n Localizaci&oacute;n permanente Localizaci&oacute;n actual Localizaci&oacute;n en estanter&&iacute;acute;as Fecha adquisici&oacute;n Fuente de adquisici&oacute;n N&uacute;mero de inventario Pr&eacute;stamos totales Signatura completa C&oacute;digo de barras Fecha &uacute;ltima consulta Fecha del precio de reemplazo Tipo de item de Koha
NULL NULL Dewey Decimal Classification NULL Prestable NULL NULL Biblioteca Miguel de Cervantes - UNICAES Biblioteca Miguel de Cervantes - UNICAES Sala Principal 06/10/2025 Donación - Norma Elizabeth Ramos de Rivera 006803   P- 006803 1053665 01/12/2025 01/12/2025 4- Trabajo de Graduación